Pierre Dac, complétez les répliques... - Statistiques

Statistiques générales
  • Ce quiz a été pris 27 fois
  • Le résultat moyen est 17 sur 25
Statistiques - réponses
1er indice 2e indice Phrase % Correct
Outil S C’est en forgeant qu’on devient forgeron et c’est en sciant que Léonard devint {scie} !
88%
Rester coi ST Celui qui ouvre la bouche manque toujours une bonne occasion de {se taire}.
85%
Client du médecin P Dans un centre plus ou moins hospitalier, le {patient} qui attend un calmant qui tarde à venir a parfois bien du mérite à l’être.
85%
Alimente N De tous les arts, l’art culinaire est celui qui {nourrit} le mieux son homme.
85%
1+1 D Echangerait femme de 40 ans contre {deux} de 20 ans.
85%
Pleine satisfaction B L’argent des uns n’a jamais fait le {bonheur} des autres.
85%
Conjonction S Avec le mot {si} on peut faire tout ce qu’on ne peut pas faire
81%
Terme de politesse M Celui qui dans la vie est parti de zéro pour n’arriver à rien dans l’existence n’a de {merci} à dire à personne.
81%
Mi-cuits M Cyclistes, fortifiez vos jambes en mangeant des oeufs {mollets}.
81%
Souhait V Mourir en bonne santé, c’est le {voeu} le plus cher de tout bon vivant bien portant.
81%
Cuve du boulanger P Quand on est trop bonne pâte, on risque de finir dans le {pétrin} !
81%
Produit de femelle L Si l’on donnait du café au vaches, on trairait du café au {lait}.
81%
Lassant F C’est {fatigant} de voir les autres se reposer.
77%
... de gardien ou d'artiste L Concierge souhaite une {loge} au sixième étage pour descendre le courrier au lieu de le monter.
77%
Cep V Greffez des plants de rosiers sur des plants de {vigne}, ça fera du vin rosé naturel.
77%
Mettre fin à ses jours SS Il faut {se suicider} jeune quand on veut profiter de la mort.
77%
Tige de céréale P Complètement fauché, j’accepterais une place d’homme de {paille}.
65%
Professionnel de la politique P La devise du vrai {politicien}, c’est bon à tout, propre à rien.
65%
Total S Un sens interdit, en {somme}, ce n’est qu’un sens autorisé, mais pris à l’envers.
65%
Langue du Parisien F La seule chose qu’on puisse tenir pour certaine quand une femme vous dit : « Je serais prête dans cinq minutes », c’est qu’elle parle {français}.
58%
Objet C Ce n’est pas en tournant le dos aux {choses} qu’on leur fait face.
46%
Survivance S La mémoire c’est du {souvenir} en conserve.
46%
Soulager C Il n’y a rien de plus difficile à {consoler} qu’un paysage désolé.
35%
Populaire, arrêter E Bien mal acquis ne profite jamais qu’à ceux qui sont assez malin pour ne pas se faire {épingler}
15%
Ruinés D Ceux qui sont couverts d’or ne sont pas forcément immunisés contre le risque d’être {désargentés} un jour ou l’autre.
8%
Aucun quiz correspondant
Distribution des résultats
% des personnes avec chaque résultat
Percentile par nombre de réponses
Votre historique - résultats
Vous n’avez pas pris ce quiz